000 00514 a2200181 4500
999 _c7488
_d7488
020 _a9788120346697
050 _aHF 5415.2 ARO 2013
100 _aArora, Richard
245 _aMarketing Research/
_cRichard Arora & Nitin R. Mahankale
264 _aNew Delhi:
_bPHI Learning,
_c2013.
300 _axvii, 254p.
_bill.
500 _aincludes index
650 _aResearch
_xMarketing
650 _aResearch methods
650 _aResearch Designs
700 _aMahankale, Nitin R.
942 _2lcc
_cBK
_h5415.2
_iARO
_kHF